00648nam a2200241 a 4500001001300000003000900013005001700022008004100039020000800080082001300088100001700101245003100118260003200149300000900181500003500190505001000225650001900235700001700254902000800271942000700279952010900286999001100395nice12345678IN_TiNIC20260116011256.0050524s1958 bosa grp 000 0 eng  ac000a270bSOH aSohm, Rudolf aOutlines of Church History aBostonbBeacon Press c1958 a260p aincludes index and biblioraphy2 aIndex aChurch-History1 aSohm, Rudolf bSRS cBK 001040708StackRoom-aHMIbHMId2008-01-09g0.00l0o270 SOHp02256r2008-01-09v0.00w2005-05-24yBK c95d95